| 000 | 00911na a2200301 4500 | ||
|---|---|---|---|
| 001 | 22867 | ||
| 003 | MIRAKIL | ||
| 005 | 20181213155254.0 | ||
| 008 | 170228b tu 000 0 | ||
| 020 | _a9780821376096 | ||
| 040 |
_aMilas _btur _cTR-AnCHP |
||
| 041 | _aeng | ||
| 082 |
_a338.5 _bW66d 2009 |
||
| 090 | _a338.5 W66d 2009 | ||
| 110 | _aWorld Bank | ||
| 245 |
_aDoing Business 2009 _bcountry profile for Turkey _bcomparing Regulation 181 Economies _cWorld Bank |
||
| 246 | _aCountry profile for Turkey | ||
| 246 | _aComparing Regulation 181 Economies | ||
| 260 |
_aWashington _bWorld Bank _c2008 |
||
| 300 |
_aix, 195 s _c29 sm. |
||
| 650 | _aTicaret | ||
| 650 |
_aEkonomik göstergeler _zTürkiye |
||
| 650 | _aKarşılaştırmalı ekonomi | ||
| 650 | _aUluslararası ekonomi | ||
| 740 | _aCountry profile for Turkey | ||
| 740 | _aComparing Regulation 181 Economies | ||
| 942 |
_2ddc _cBKS |
||
| 999 |
_c9708 _d9708 |
||